Countries with Slowest Mens Marathon Record - Statistics

General Stats
  • This quiz has been taken 33 times
  • The average score is 7 of 15
Answer Stats
Time Country % Correct
2:49:36 Monaco
68%
2:45:04 Tonga
64%
2:41:50 Samoa
60%
2:41:12 Brunei
56%
2:52:29 Federated States of Micronesia
56%
3:48:06 Nauru
56%
2:44:21 Bhutan
52%
2:44:01 Oman
44%
2:43:45 Laos
40%
2:40:41 Yemen
40%
2:46:50 Grenada
36%
3:18:24 Dominica
32%
3:02:00 Equatorial Guinea
24%
2:43:10 Mauritania
24%
3:00:15 Liberia
20%
No matching quizzes found
Score Distribution
Percent of People with Each Score
Percentile by Number Answered
Your Score History
You have not taken this quiz